[Event "Latin Cup-A 6th"]
[Site "Buenos Aires"]
[Date "2015.03.23"]
[Round "6"]
[White "Ferrara, Alexis"]
[Black "Galleto, Ricardo"]
[Result "0-1"]
[WhiteElo "2113"]
[BlackElo "1986"]
[PlyCount "60"]
[EventDate "2015.03.19"]
[EventType "swiss"]
[EventRounds "9"]
[EventCountry "ARG"]
[SourceTitle "CBM 165 Extra"]
[Source "ChessBase"]
[SourceDate "2015.04.21"]
[SourceVersion "1"]
[SourceVersionDate "2015.04.21"]
[SourceQuality "1"]

1. Nf3 d5 2. d4 Nc6 3. Bf4 Bg4 4. c3 Bxf3 5. exf3 e6 6. Bd3 Nf6 7. Nd2 Be7 8. Qe2 Nd7 9. Bg3 Bf6 10. f4 Kf8 11. Nf3 Ne7 12. Ne5 h5 13. f3 g6 14. Bf2 h4 15. 0-0 Nf5 16. Rfe1 Nxe5 17. dxe5 Be7 18. g4 hxg3 19. hxg3 Kg7 20. Kg2 c5 21. Rh1 Qc7 22. g4 Nh4+ 23. Bxh4 Rxh4 24. Rxh4 Bxh4 25. g5 Qe7 26. Rh1 Rh8 27. Rh3 c4 28. Bc2 Qc5 29. Qd2 Rh5 30. Kf1 Be1 0-1

[Event "Latin Cup-A 6th"]
[Site "Buenos Aires"]
[Date "2015.03.22"]
[Round "5"]
[White "Elias, Roberto"]
[Black "Ferrara, Alexis"]
[Result "0-1"]
[WhiteElo "1845"]
[BlackElo "2113"]
[PlyCount "68"]
[EventDate "2015.03.19"]
[EventType "swiss"]
[EventRounds "9"]
[EventCountry "ARG"]
[SourceTitle "CBM 165 Extra"]
[Source "ChessBase"]
[SourceDate "2015.04.21"]
[SourceVersion "1"]
[SourceVersionDate "2015.04.21"]
[SourceQuality "1"]

1. c4 g6 2. Nc3 Bg7 3. g3 c5 4. Bg2 Nc6 5. d3 e5 6. e4 Nge7 7. Nge2 0-0 8. 0-0 Rb8 9. Be3 d6 10. f4 Nd4 11. Qd2 a6 12. f5 gxf5 13. Bh6 f6 14. exf5 Bxf5 15. Nxd4 cxd4 16. Nd5 Bg6 17. Rf2 Nxd5 18. Bxd5+ Kh8 19. Bxg7+ Kxg7 20. Qe2 f5 21. Raf1 Qg5 22. Kh1 Qe3 23. Qc2 f4 24. Qa4 Bxd3 25. Qd7+ Kh8 26. Rf3 Be4 27. Qxd6 Bxf3+ 28. Rxf3 Qe1+ 29. Kg2 Rbe8 30. Bxb7 Rd8 31. Qa3 d3 32. Rf1 d2 33. Bf3 fxg3 34. hxg3 Qxf1+ 0-1

[Event "Panama op 3rd"]
[Site "Panama City"]
[Date "2013.11.02"]
[Round "3"]
[White "Ferrara, Alexis"]
[Black "Hevia Alejano, Carlos Antonio"]
[Result "0-1"]
[WhiteElo "2166"]
[BlackElo "2512"]
[PlyCount "54"]
[EventDate "2013.10.30"]
[EventType "swiss"]
[EventRounds "9"]
[EventCountry "PAN"]
[SourceTitle "EXT 2014"]
[Source "ChessBase"]
[SourceDate "2013.11.20"]
[SourceVersion "1"]
[SourceVersionDate "2013.11.20"]
[SourceQuality "1"]

1. d4 Nf6 2. Nf3 e6 3. c4 c5 4. e3 b6 5. Bd3 Bb7 6. 0-0 Be7 7. b3 cxd4 8. exd4 0-0 9. Nbd2 d5 10. Qe2 Nc6 11. Bb2 Re8 12. Rac1 Bf8 13. Rfd1 Rc8 14. Bb1 Qd6 15. Ne5 dxc4 16. Ndxc4 Qb8 17. Ng4 Nd5 18. g3 Rc7 19. Nce5 f5 20. Ne3 Nxe5 21. Nxd5 Bxd5 22. Qxe5 Bd6 23. Qe2 Rf7 24. f3 Rf6 25. Rf1 Bxg3 26. hxg3 Qxg3+ 27. Qg2 Qf4 0-1

[Event "ARG-ch 87th"]
[Site "Villa Martelli"]
[Date "2013.04.09"]
[Round "7"]
[White "Ferrara, Alexis"]
[Black "Maldonado, Marcos"]
[Result "0-1"]
[WhiteElo "2195"]
[BlackElo "1991"]
[PlyCount "104"]
[EventDate "2013.04.03"]
[EventType "swiss"]
[EventRounds "11"]
[EventCountry "ARG"]
[SourceTitle "CBM 153 Extra"]
[Source "ChessBase"]
[SourceDate "2013.04.22"]
[SourceVersion "1"]
[SourceVersionDate "2013.04.22"]
[SourceQuality "1"]

1. d4 d5 2. c4 c6 3. Nf3 Nf6 4. Nc3 e6 5. g3 Bb4 6. Bg2 Ne4 7. Bd2 Nxd2 8. Nxd2 0-0 9. 0-0 b6 10. a3 Bxc3 11. bxc3 Ba6 12. Qb3 Nd7 13. e4 Rc8 14. Rfe1 Nf6 15. Qa4 Bxc4 16. Nxc4 b5 17. Qxa7 bxc4 18. Qa6 Qc7 19. Qa4 Ra8 20. Qc2 Rfb8 21. a4 Rb3 22. Reb1 Qb6 23. exd5 cxd5 24. Rxb3 Qxb3 25. Qxb3 cxb3 26. Rb1 Rxa4 27. Rxb3 Ra1+ 28. Bf1 g6 29. Kg2 Rd1 30. Be2 Rd2 31. Bf3 g5 32. h3 h5 33. g4 h4 34. Kf1 Rc2 35. Rb8+ Kg7 36. Rc8 Nd7 37. Rc6 Nf8 38. c4 Rxc4 39. Rxc4 dxc4 40. Ke1 Ng6 41. Be2 Nf4 42. Bxc4 Nxh3 43. d5 Nf4 44. dxe6 fxe6 45. Kf1 Kf6 46. Ba6 Ke5 47. Bb7 Nd5 48. Kg2 Kf4 49. f3 h3+ 50. Kxh3 Kxf3 51. Bc6 Kf2 52. Bb7 Nf6 0-1

[Event "Concordia Salto Grande 2nd"]
[Site "Concordia"]
[Date "2009.01.25"]
[Round "7"]
[White "Ferrara, Alexis"]
[Black "Gomez Benitez, Pedro"]
[Result "0-1"]
[WhiteElo "2211"]
[BlackElo "2153"]
[PlyCount "72"]
[EventDate "2009.01.22"]
[EventType "swiss"]
[EventRounds "7"]
[EventCountry "ARG"]
[SourceTitle "EXT 2024"]
[Source "ChessBase"]
[SourceDate "2023.10.10"]
[SourceVersion "1"]
[SourceVersionDate "2023.10.10"]
[SourceQuality "1"]

1. d4 d5 2. c4 c6 3. Nf3 Nf6 4. Nc3 e6 5. g3 dxc4 6. Bg2 Bb4 7. 0-0 0-0 8. Ne5 Nd5 9. Qc2 Nb6 10. Rd1 N8d7 11. Ne4 Nxe5 12. dxe5 Qc7 13. Ng5 f5 14. exf6 gxf6 15. a3 Bc5 16. Ne4 Be7 17. Bh6 Rf7 18. Nd2 e5 19. Nxc4 Be6 20. Nxb6 axb6 21. e4 Bc5 22. Kh1 Rd7 23. f4 Bd4 24. f5 Bf7 25. Qe2 Bb3 26. Rd2 b5 27. Qg4+ Kh8 28. Qh4 Qd6 29. g4 Rg8 30. g5 fxg5 31. Bxg5 Rf7 32. Bf3 Qf8 33. Bh5 Rxf5 34. exf5 Bd5+ 35. Rg2 Bxg2+ 36. Kxg2 Qxf5 0-1

[Event "Posadas Summer op"]
[Site "Posadas"]
[Date "2005.02.08"]
[Round "7"]
[White "Ferrara, Alexis"]
[Black "Caro, Esteban"]
[Result "0-1"]
[WhiteElo "2230"]
[BlackElo "2198"]
[PlyCount "74"]
[EventDate "2005.02.04"]
[EventType "swiss"]
[EventRounds "7"]
[EventCountry "ARG"]
[SourceTitle "CBM 104 Extra"]
[Source "ChessBase"]
[SourceDate "2005.03.01"]
[SourceVersion "1"]
[SourceVersionDate "2005.03.01"]
[SourceQuality "1"]

1. d4 Nf6 2. c4 g6 3. Nf3 Bg7 4. g3 c5 5. Bg2 cxd4 6. Nxd4 0-0 7. 0-0 Nc6 8. Nc3 Ne5 9. b3 d6 10. Bb2 Rb8 11. Qd2 Bd7 12. Rac1 Qb6 13. Rfd1 Rfc8 14. h3 h5 15. Ndb5 Kh7 16. Na4 Qa6 17. Bd4 Nxc4 18. bxc4 Bxb5 19. cxb5 Qxa4 20. Rxc8 Rxc8 21. Bxb7 Rc2 22. Qd3 Rxa2 23. Ba6 Ra3 24. Qb1 Nd7 25. Bxg7 Kxg7 26. Qb2+ Kh7 27. Qd4 Qxd4 28. Rxd4 Nc5 29. g4 hxg4 30. hxg4 Nxa6 31. bxa6 Rxa6 32. Re4 e6 33. g5 Kg7 34. Rc4 Ra5 35. f4 Rc5 36. Rb4 a5 37. Rb7 d5 0-1

[Event "Posadas Summer op"]
[Site "Posadas"]
[Date "2005.02.07"]
[Round "6"]
[White "Reta, Miguel"]
[Black "Ferrara, Alexis"]
[Result "1/2-1/2"]
[WhiteElo "2149"]
[BlackElo "2230"]
[PlyCount "37"]
[EventDate "2005.02.04"]
[EventType "swiss"]
[EventRounds "7"]
[EventCountry "ARG"]
[SourceTitle "CBM 104 Extra"]
[Source "ChessBase"]
[SourceDate "2005.03.01"]
[SourceVersion "1"]
[SourceVersionDate "2005.03.01"]
[SourceQuality "1"]

1. Nf3 c5 2. c4 Nc6 3. d4 cxd4 4. Nxd4 g6 5. e4 Bg7 6. Be3 Nf6 7. Nc3 d6 8. Be2 0-0 9. 0-0 Bd7 10. Qd2 Ng4 11. Bxg4 Bxg4 12. Rac1 Re8 13. b3 Rc8 14. f3 Bd7 15. Rfd1 Qa5 16. Rc2 Nxd4 17. Bxd4 Bxd4+ 18. Qxd4 Qc5 19. Qxc5 1/2-1/2

[Event "Torre Blanca op Superior"]
[Site "Buenos Aires"]
[Date "2004.12.16"]
[Round "6"]
[White "Olivera, Horacio"]
[Black "Ferrara, Alexis"]
[Result "1/2-1/2"]
[WhiteElo "2257"]
[BlackElo "2233"]
[PlyCount "58"]
[EventDate "2004.12.02"]
[EventType "swiss"]
[EventRounds "9"]
[EventCountry "ARG"]
[SourceTitle "EXT 2006"]
[Source "ChessBase"]
[SourceDate "2005.11.24"]
[SourceVersion "1"]
[SourceVersionDate "2005.11.24"]
[SourceQuality "1"]

1. c4 g6 2. d4 Bg7 3. e4 Nc6 4. Be3 e5 5. d5 Nd4 6. Bxd4 exd4 7. Bd3 c5 8. Nf3 d6 9. 0-0 Nh6 10. Nbd2 0-0 11. Re1 Ng4 12. b4 b6 13. Qb3 Bd7 14. h3 Ne5 15. Nxe5 Bxe5 16. Nf3 Rb8 17. Rab1 Qc7 18. Re2 a5 19. a3 Bg7 20. Reb2 a4 21. Qd1 Rfe8 22. b5 Ra8 23. Re2 Ra7 24. Bc2 h6 25. Qd2 g5 26. Nh2 Qd8 27. Bd3 Be5 28. Nf1 Qf6 29. Ng3 Qf4 1/2-1/2

[Event "Vicente Lopez Cup CMSalud"]
[Site "Vicente Lopez"]
[Date "2004.07.19"]
[Round "10"]
[White "Ferrara, Alexis"]
[Black "Della Morte, Pablo"]
[Result "1/2-1/2"]
[WhiteElo "2235"]
[BlackElo "2302"]
[PlyCount "91"]
[EventDate "2004.07.09"]
[EventType "tourn"]
[EventRounds "11"]
[EventCountry "ARG"]
[EventCategory "2"]
[SourceTitle "CBM 101 Extra"]
[Source "ChessBase"]
[SourceDate "2004.09.01"]
[SourceVersion "2"]
[SourceVersionDate "2004.09.01"]
[SourceQuality "1"]

1. d4 Nf6 2. c4 g6 3. Nf3 Bg7 4. g3 0-0 5. Bg2 d6 6. 0-0 Nc6 7. Nc3 a6 8. Qd3 Bf5 9. e4 Bg4 10. d5 Bxf3 11. Qxf3 Nd4 12. Qd1 Nd7 13. Be3 c5 14. dxc6 Nxc6 15. Rc1 Rb8 16. b3 Nc5 17. f4 Qa5 18. Qd2 Rfc8 19. Rfd1 b5 20. cxb5 axb5 21. e5 Nd8 22. Nd5 Qxd2 23. Nxe7+ Kf8 24. Rxd2 Kxe7 25. exd6+ Kd7 26. Rxc5 Rxc5 27. Bxc5 b4 28. Bd4 Bxd4+ 29. Rxd4 Ne6 30. Rd2 Rb6 31. f5 gxf5 32. Bh3 Ng7 33. Rd5 Rxd6 34. Bxf5+ Nxf5 35. Rxf5 Ke6 36. Rf4 Rd2 37. Rf2 Rd1+ 38. Kg2 f5 39. Kf3 Rd3+ 40. Ke2 Rd7 41. Rf4 Ra7 42. Rxb4 Rxa2+ 43. Kf3 Rxh2 44. Rh4 Rb2 45. Rxh7 Rxb3+ 46. Kg2 1/2-1/2

[Event "Vicente Lopez Cup CMSalud"]
[Site "Vicente Lopez"]
[Date "2004.07.18"]
[Round "9"]
[White "Valiente, Cristobal"]
[Black "Ferrara, Alexis"]
[Result "1-0"]
[WhiteElo "2323"]
[BlackElo "2235"]
[PlyCount "111"]
[EventDate "2004.07.09"]
[EventType "tourn"]
[EventRounds "11"]
[EventCountry "ARG"]
[EventCategory "2"]
[SourceTitle "CBM 101 Extra"]
[Source "ChessBase"]
[SourceDate "2004.09.01"]
[SourceVersion "2"]
[SourceVersionDate "2004.09.01"]
[SourceQuality "1"]

1. e4 c5 2. f4 Nc6 3. Nf3 g6 4. g3 Bg7 5. Bg2 e6 6. 0-0 Nge7 7. d3 d5 8. c3 dxe4 9. dxe4 Qxd1 10. Rxd1 e5 11. Na3 0-0 12. Nb5 Bg4 13. h3 Bxf3 14. Bxf3 Rad8 15. Be3 b6 16. Kf2 f5 17. exf5 gxf5 18. Be2 Bf6 19. Bc4+ Kh8 20. Bb3 Ng6 21. Nd6 exf4 22. gxf4 Bh4+ 23. Kf3 Kg7 24. Rd2 Be7 25. Rad1 Rf6 26. Nb5 Nh4+ 27. Ke2 Rxd2+ 28. Rxd2 Ng2 29. Rd7 Nxe3 30. Kxe3 Kf8 31. Nc7 Rd6 32. Ne6+ Ke8 33. Rxd6 Bxd6 34. Ng7+ Kf8 35. Nxf5 Bc7 36. Ke4 Ne7 37. Ne3 Kg7 38. f5 h6 39. Ng4 Nc8 40. f6+ Kg6 41. f7 Nd6+ 42. Kf3 Nxf7 43. Bxf7+ Kxf7 44. Nxh6+ Kg6 45. Ng4 b5 46. Ke4 c4 47. Ne5+ Kf6 48. Nc6 a5 49. Nd4 b4 50. Kd5 Bf4 51. Ne2 bxc3 52. bxc3 Bc7 53. Kxc4 Kg5 54. Kb5 Kh4 55. c4 Kxh3 56. Nc3 1-0

[Event "Vicente Lopez Cup CMSalud"]
[Site "Vicente Lopez"]
[Date "2004.07.16"]
[Round "8"]
[White "Ferrara, Alexis"]
[Black "De Dovitiis, Alejo"]
[Result "1/2-1/2"]
[WhiteElo "2235"]
[BlackElo "2356"]
[PlyCount "45"]
[EventDate "2004.07.09"]
[EventType "tourn"]
[EventRounds "11"]
[EventCountry "ARG"]
[EventCategory "2"]
[SourceTitle "CBM 101 Extra"]
[Source "ChessBase"]
[SourceDate "2004.09.01"]
[SourceVersion "2"]
[SourceVersionDate "2004.09.01"]
[SourceQuality "1"]

1. d4 Nf6 2. c4 g6 3. Nf3 Bg7 4. g3 0-0 5. Bg2 c5 6. 0-0 cxd4 7. Nxd4 Nc6 8. Nxc6 bxc6 9. Nc3 Rb8 10. Qc2 Qa5 11. Bf4 d6 12. Rab1 Qh5 13. Ne4 Nxe4 14. Bxe4 e5 15. Be3 d5 16. cxd5 cxd5 17. Bxd5 Bf5 18. Be4 Rfc8 19. Qa4 Bxe4 20. Qxe4 Qxe2 21. Rfe1 Qb5 22. Red1 a5 23. b3 1/2-1/2

[Event "Vicente Lopez Cup CMSalud"]
[Site "Vicente Lopez"]
[Date "2004.07.10"]
[Round "2"]
[White "Larrea, Manuel"]
[Black "Ferrara, Alexis"]
[Result "1/2-1/2"]
[WhiteElo "2224"]
[BlackElo "2235"]
[PlyCount "28"]
[EventDate "2004.07.09"]
[EventType "tourn"]
[EventRounds "11"]
[EventCountry "ARG"]
[EventCategory "2"]
[SourceTitle "CBM 101 Extra"]
[Source "ChessBase"]
[SourceDate "2004.09.01"]
[SourceVersion "2"]
[SourceVersionDate "2004.09.01"]
[SourceQuality "1"]

1. e4 d5 2. exd5 Nf6 3. c4 e6 4. d4 exd5 5. Nc3 Bb4 6. Qb3 Nc6 7. Nf3 Qe7+ 8. Be3 Na5 9. Qc2 Nxc4 10. Bxc4 dxc4 11. 0-0 0-0 12. Bg5 Bxc3 13. Qxc3 Qd6 14. Bxf6 Qxf6 1/2-1/2

[Event "Buenos Aires Metropolitano op"]
[Site "Buenos Aires"]
[Date "2004.05.31"]
[Round "4"]
[White "Ferrara, Alexis"]
[Black "Fiori, Hector Dionisio"]
[Result "1-0"]
[WhiteElo "2235"]
[BlackElo "2054"]
[PlyCount "49"]
[EventDate "2004.05.19"]
[EventType "swiss"]
[EventRounds "7"]
[EventCountry "ARG"]
[SourceTitle "EXT 2006"]
[Source "ChessBase"]
[SourceDate "2005.11.24"]
[SourceVersion "1"]
[SourceVersionDate "2005.11.24"]
[SourceQuality "1"]

1. Nf3 Nf6 2. d4 e6 3. e3 b6 4. Bd3 Bb7 5. 0-0 Be7 6. b3 0-0 7. Bb2 c5 8. c4 d5 9. Nbd2 Nc6 10. Rc1 Rc8 11. Bb1 cxd4 12. exd4 Bd6 13. Ne5 Ne7 14. Qe2 Ng6 15. f4 Bb4 16. f5 Nxe5 17. dxe5 Ng4 18. f6 g6 19. Qxg4 Bxd2 20. Rcd1 Be3+ 21. Kh1 Kh8 22. Rd3 d4 23. Bxd4 Bxd4 24. Rxd4 Qc7 25. Qg5 1-0

[Event "Villa Ballester op 54th"]
[Site "Villa Ballester"]
[Date "2004.01.16"]
[Round "7"]
[White "Tuma, Diego"]
[Black "Ferrara, Alexis"]
[Result "1/2-1/2"]
[WhiteElo "1866"]
[BlackElo "2216"]
[PlyCount "118"]
[EventDate "2004.01.07"]
[EventType "swiss"]
[EventRounds "9"]
[EventCountry "ARG"]
[SourceTitle "CBM 098 Extra"]
[Source "ChessBase"]
[SourceDate "2004.03.10"]
[SourceVersion "2"]
[SourceVersionDate "2004.03.10"]
[SourceQuality "1"]

1. e4 d5 2. exd5 Nf6 3. c4 e6 4. d4 exd5 5. Nc3 Bb4 6. Bd3 Be6 7. c5 0-0 8. Bg5 b6 9. a3 Bxc3+ 10. bxc3 bxc5 11. Bb1 Nbd7 12. h4 cxd4 13. cxd4 c5 14. Nh3 Qe8 15. Kf1 Ne4 16. Bxe4 dxe4 17. d5 Bxh3 18. Rxh3 f6 19. Bf4 Ne5 20. Rg3 Rf7 21. Rb1 Nd3 22. Rxd3 exd3 23. Qxd3 Qa4 24. g3 Re8 25. d6 Qe4 26. Qxe4 Rxe4 27. Rb8+ Rf8 28. Rb7 Rd8 29. Rxa7 c4 30. Rc7 g5 31. hxg5 fxg5 32. f3 Rd4 33. Be5 R8xd6 34. Rg7+ Kf8 35. Bxd4 Rxd4 36. Rxg5 Rd3 37. Ke2 Rxa3 38. Rc5 Rc3 39. Rf5+ Kg7 40. Kd2 Rd3+ 41. Ke2 Kg6 42. g4 h6 43. Rc5 Rc3 44. Kf2 Rc1 45. Kg3 c3 46. Rc6+ Kg7 47. Kf4 c2 48. Kf5 Rf1 49. Rc7+ Kg8 50. Rxc2 Rxf3+ 51. Kg6 Rf8 52. Rc7 Ra8 53. Rc6 h5 54. Kxh5 Kg7 55. Rc7+ Kg8 56. g5 Ra6 57. Rb7 Rc6 58. Rd7 Ra6 59. Kg4 Ra4+ 1/2-1/2

[Event "Villa Ballester op 54th"]
[Site "Villa Ballester"]
[Date "2004.01.13"]
[Round "5"]
[White "Ferrara, Alexis"]
[Black "Primavera, Cinthia"]
[Result "1-0"]
[WhiteElo "2216"]
[BlackElo "2051"]
[PlyCount "69"]
[EventDate "2004.01.07"]
[EventType "swiss"]
[EventRounds "9"]
[EventCountry "ARG"]
[SourceTitle "CBM 098 Extra"]
[Source "ChessBase"]
[SourceDate "2004.03.10"]
[SourceVersion "2"]
[SourceVersionDate "2004.03.10"]
[SourceQuality "1"]

1. d4 d5 2. c4 c6 3. Nf3 Nf6 4. Nc3 e6 5. g3 Bd6 6. Bg2 Nbd7 7. 0-0 dxc4 8. a4 Qa5 9. e4 Bb4 10. e5 Bxc3 11. exf6 Bb4 12. fxg7 Rg8 13. Qc2 Rxg7 14. Qxc4 Nb6 15. Qc2 Qf5 16. Qb3 a5 17. Bh6 Rg8 18. Bd2 e5 19. Bxb4 Be6 20. Qe3 Nd5 21. Qxe5 Qxe5 22. dxe5 Nxb4 23. Nd4 Bd5 24. Bxd5 Nxd5 25. Rfe1 0-0-0 26. Nf5 Rd7 27. Rad1 Rg5 28. Nd6+ Kc7 29. Nc4 Re7 30. Kf1 Rf5 31. Rd4 b6 32. f4 Re6 33. Re2 h5 34. Nd6 Rexe5 35. Rxe5 1-0